000
00313nam a22001337a 4500
008
171025b xxu||||| |||| 00| 0 eng d
020
_a
9780534392031
041
_a
eng
080
_2
6 ED
_a
311
100
_a
55
101
_a
STA
245
_a
STUDENT SOLUTIONS MANUAL STATISTICS
_c
KELLER,G
942
_2
udc
_c
BK
999
_c
35879
_d
35879